Choosing the correct word
| Main Author: | |
|---|---|
| Format: | Book |
| Published: |
Kuala Lumpur :
S.Abdul Majeed & C0. ,
1995
|
| Subjects: |
MARC
| LEADER | 00000cam a2200000 7i4500 | ||
|---|---|---|---|
| 001 | 0000023900 | ||
| 002 | 000025822 | ||
| 005 | 20000330.0 | ||
| 020 | |a 9838994448 | ||
| 090 | 0 | 0 | |a 808.042 |b NAN |
| 100 | 1 | |a Nandy, Milon | |
| 245 | 1 | 0 | |a Choosing the correct word |c Milon Nandy |
| 260 | |a Kuala Lumpur : |b S.Abdul Majeed & C0. , |c 1995 | ||
| 300 | |a 168 p. ; |c 21 cm. | ||
| 650 | 0 | 0 | |a English language |x Terms and phrases |
| 999 | |a 047680 |b BUKU |c PINJAMAN |e PERPUSTAKAAN KOMUNITI PETALING JAYA | ||